000 00465nam a2200133 a 4500
001 000034204
005 20200930070850.0
008 110928s1899 dr 000 0 spa d
040 _aDO-SdBNP
_bspa
_cBNPHU
100 1 _aGalván, Luis
_959625
245 1 0 _aTesis :
_bes injusta la prohibición legal de la prueba por testigos en los asuntos civiles de mayor cuantía /
_cLuis Galván.
260 _aSanto Domingo :
_bCuna de América,
_c1899.
300 _a22 p. ;
_c22 cm.
999 _c33695
_d33695